| 000 | 01238cam a2200361 4500 | ||
|---|---|---|---|
| 003 | PE-LiUPU | ||
| 005 | 20250731184115.0 | ||
| 020 | _a8449964164 | ||
| 035 | _a(Sirsi) i9788449964169 | ||
| 035 | _a(Sirsi) 15071 | ||
| 035 | _a(Sirsi) 15071 | ||
| 041 | _aes | ||
| 044 | _aar | ||
| 082 | 0 | 4 |
_a808.8 _bP45 |
| 100 | 1 | _aPersec, Saint-John | |
| 245 | 1 | 0 | _aAnábasis y otros poemas. |
| 264 | 1 |
_aBuenos Aires : _bHyspamérica Ediciones Argentina, _c1983 |
|
| 300 |
_a155 páginas ; _c20 cm. |
||
| 490 | 0 |
_aLos Premios Nobel _v12 |
|
| 505 | 0 | _aPara celebrar una infancia -- Amistad del príncipe -- Imágenes para Crusoe -- Anábasis -- Canción -- Exilio -- Mares -- Estrechos son los bajeles... | |
| 526 | _aP145 | ||
| 526 | _aP127 | ||
| 526 | _aP97 | ||
| 526 | _aP14 | ||
| 526 | _aP07 | ||
| 650 | 1 | 4 |
_aPoesía francesa _ySiglo XX. |
| 942 |
_2ddc _cBOOK |
||
| 949 |
_a808.8 P45 _i24616 _lCCODEBUL1 _mBUL _tLIBRO _o.STAFF. Circulación |
||
| 859 |
_q24616 _h808.8 _iP45 |
||
| 910 | _aaj-em | ||
| 596 | _a1 | ||
| 999 |
_a808.8 P45 _wDEWEY _c52284 _i24616 _f2021-11-5 _g5 _lCCODEBUL1 _mBUL _r0 _sY _tBOOK _u2015-6-16 _xBIBLIOTECA _PP20 _0COMPRA _o.STAFF. Colección General _d52284 |
||
| 980 |
_81 _gALBERTO SANCHEZ Responsable de Automatización |
||